00429nam a2200169Ia 4500003000400000005001700004008004100021020001800062050002400080100001900104245004800123260003500171300003300206440000600239521000700245526000700252OSt20140313145839.0140130s9999 xx 000 0 und d a9780439858489 aPZ 7b.B6234Sp 2006 aBloom, Suzanne cSuzanne Bloom.aA splendid friend, indeed / bScholastic,c2006.aNew York : a40 p. :bcol. ill. ;c28 cm. v1 aBR cBR